00354nam a2200121Ia 4500008004100000041000800041082001400049100002000063245004300083260006200126300003300188365001100221240624s9999 xx 000 0 und d aeng a332.1 AVA aAVASTHI ARCHANA aIMPACT OF TECHNOLOGY IN BANKING SECTOR c2015aNew DelhibShroff Publishers & Distributors Pvt Ltd axxiii, : 498 : p. : cm. ; 23 cRSb30